Οικονομία και εγώ : Ε' και ΣΤ' δημοτικού : βιβλίο μαθητή

Saved in:
Bibliographic Details
Main Authors: Μαγουλά, Θεοχαρούλα Μ. (Author), Φλώρος, Ιωάννης Κ. (Author)
Corporate Author: Παιδαγωγικό Ινστιτούτο
Format: Book
Language:Greek
Published: Αθήνα : Οργανισμός Εκδόσεως Διδακτικών Βιβλίων, [2005]
Subjects:
Tags: Add Tag
No Tags, Be the first to tag this record!

MARC

LEADER 00000cam a2200000 i 4500
001 1/73427
008 080205s2005 gre d
020 |a 960-06-1767-8 
035 |l 10094387 
040 |a GR-MY-UA  |b gre  |e aacr 
041 0 |a gre 
082 0 |a 372.8  |2 (22) 
245 1 0 |a Οικονομία και εγώ :  |b Ε' και ΣΤ' δημοτικού : βιβλίο μαθητή /  |c Υπουργείο Εθνικής Παιδείας και Θρησκευμάτων. Παιδαγωγικό Ινστιτούτο ; [συγγραφείς: Θεοχαρούλα Μ. Μαγουλά, Ιωάννης Κ. Φλώρος] 
260 |a Αθήνα :   |b Οργανισμός Εκδόσεως Διδακτικών Βιβλίων,   |c [2005] 
300 |a 72 σ.;  |b έγχρ. εικ.;  |c 29 εκ. 
504 |a Βιβλιογραφία: σ. 71-72 
650 0 0 |a Textbooks  |z Greece. 
650 0 0 |a Education, Elementary. 
650 0 0 |a Economics  |x Study and teaching (Elementary)  |z Greece. 
700 1 |a Μαγουλά, Θεοχαρούλα Μ.  |4 aut 
700 1 |a Φλώρος, Ιωάννης Κ.  |4 aut 
710 2 |a Παιδαγωγικό Ινστιτούτο. 
852 |a INST  |b RHODES  |e 20080205  |h 372.8 ΟΙΚ  |p 005400030076  |q 005400030076  |t BK  |y 0 
852 |a INST  |b RHODES  |e 20080205  |h 372.8 ΟΙΚ  |p 005400030077  |q 005400030077  |t BK  |y 0 
901 |a BIBL4-2008-1 
970 |a ΧΑΡΙΟΠΟΛΙΤΟΥ  |b ΚΩΝΣΤΑΝΤΙΝΑ  |z 2008/02/05